000 02602nam a2200313Ia 4500
999 _c55039
_d55039
001 22114
003 GE_BSU
005 20221028144112.0
008 181216s2013||||ge |||||||||||||| ||geo||
020 _a9789941437359
040 _cGE_BSU
041 _ageo
080 _a821.14.01.09 ე-14
100 _aეგეტაშვილი, ნესტან
_915642
245 _aმითოპოეტური მოდელები და სახე-სიმბოლოები ნონოს პანოპოლისელის "დიონისიაკაში" = Mytho-poetic models and iconic symbols in Dionysiaca by Nonnus of Panopolis /
_cნესტან ეგეტაშვილი ; რედ. რუსუდან ცანავა.
264 _aთბილისი :
_bპროგრამა "ლოგოსი,
_c2013.
300 _a336 გვ. :
_bილ. ;
_c20 სმ.
490 _aროგრამა "ლოგოსი" პუბლიკაციები და ღონისძიებები კლასიკური ფილოლოგიის, ბიზანტინისტიკისა და ნეოგრეცისტიკის სფეროში
500 _aგარეკანზე ჯიქზე მჯდარი დიონისეს მოზაიკური გამოსახულება, ძვ.წ. III ს. ქვის ორსახიანი სტელა დიონისესა და არიადნეს გამოსახულებით, ახ.წ. II ს.
504 _aბიბლიოგრაფია ტექსტების შენიშვნებში და გვ. : 326-336
541 _h6ლ.90თ.
546 _aპარალელური თავფურცელი და რეზიუმე ინგლისურ ენაზე
653 _aბერძნული ლიტერატურა
653 _aმითოპოეტური მოდელები და სახე-სიმბოლოები ნონოს პანოპოლისელის "დიონისიაკაში"
653 _aძველი ბერძნული ლიტერატურის ისტორია და კრიტიკა
700 _aცანავა, რუსუდან
_eრედაქტორი
_913931
710 _aთსუ
_bკლას. ფილოლ., ბიზანტ. და ნეოგრეც. ინ-ტი
_95530
942 _cBK
_2udc